000 00589nam a2200217 a 4500
005 20140414132132.0
008 130604s19uu xx 00 eng d
020 _a0328669199
050 _aTR 372.4
_bF716 2011
100 _aForesman, Scott
245 _aReader's & Wrtiter's Notebook : Reading Street Grade 1 Volume2.
250 _aInternational
260 _aUnited States :
_bPearson Education,
_c201_?.
300 _a623
440 _aReading Street
650 _aReading-
650 _aReading-study and teaching
999 _c115280
_d115280